000 00647nam a22001817a 4500
999 _c177687
_d177687
005 20210225143510.0
010 _aENG-129063
020 _c699.00
_a978-1-4722-6649-1
035 _aEN-112595
037 _bDBAD/PUB
082 _a909.83
100 _aMckibben, Bill
245 _aFalter: has the human game begun to play itself out?/
_bBill Mckibben
260 _aGurugram
_bHachette Book Publishing India Pvt. Ltd.
_c2019
270 _bGurugram
_a4th/5th Floors, Corporate Centre, Plot No- 94, Sec- 44
_e122003
300 _a291p.
_c23cm(pbk)
_bIncluding bibliographical references and index.
942 _2ddc
_cEN
_h909.83
_mMCK